000 00444nam a2200169Ia 4500
003 OSt
005 20260306155213.0
008 211028s2009 xx 000 0 und d
040 _cAIMIT LIBRARY
041 _aeng
100 _aB G, Yathiraj; Pilar, Bharathi.
_g60471469
_93108
110 _aBharathi Pilar
_93109
245 _aBittblogg /
260 _aNetherlands
_c2009
710 _aDucont India Private Limited
_93110
942 _2ddc
_cPRO
999 _c217121
_d217121